| 000 | 00885cam a22002894a 4500 | ||
|---|---|---|---|
| 001 | 3926 | ||
| 003 | BD-RjUL | ||
| 005 | 20211208233813.0 | ||
| 008 | 131221s2004 maua b 001 0 eng | ||
| 020 | _a0072823402 (alk. paper) | ||
| 035 | _a(BD-RjUL)3960 | ||
| 040 |
_aDLC _cDLC _dDLC _dBD-RjUL _beng |
||
| 041 | _aeng | ||
| 082 | 0 | 0 |
_a339 _222 _bDOM 2004 |
| 100 | 1 |
_aDornbusch, Rudiger. _97375 |
|
| 245 | 1 | 0 |
_aMacroeconomics / _cRudiger Dornbusch, Stanley Fischer, Richard Startz. |
| 250 | _a9th ed. | ||
| 260 |
_aBoston : _bMcGraw-Hill/Irwin, _cc2004. |
||
| 300 |
_axxii, 613 p. : _bill. (chiefly col.) ; _c24 cm. |
||
| 504 | _aIncludes bibliographical references and index. | ||
| 650 | 0 |
_aMacroeconomics. _912516 |
|
| 700 | 1 |
_aFischer, Stanley. _97373 |
|
| 700 | 1 |
_aStartz, Richard, _d1952- _912517 |
|
| 942 |
_2ddc _cBK _03 |
||
| 999 |
_c3926 _d3926 |
||